000 01230nam a2200301 c 4500
003 BLK
005 20250723121040.0
008 180411b bul|||||r ||||||| ||bul||
020 _a9789542622949
040 _aBLK
041 _aBUL
_cBUL
080 _aПортугалска литература
_b821.134.3
_x-31
_z821.134.3-31
084 _aС 18
100 1 _aСантуш, Жозе Родригеш душ
_9266382
245 1 0 _aФокусникът от Аушвиц
_bРоман
_cЖозе Родригеш душ Сантуш; прев. от португ. Дарина Бойкова Миланова
257 _aPG
260 _aПловдив
_bХермес
_c2023
_fКостинброд : Мултипринт
300 _a336 с.
_c21 см
380 _aX
500 _aОриг. загл.: O Manuscrito de Birkenau / Jose Rodrigues dos Santos.
700 1 _aМиланова, Дарина Бойкова
_eпрев. от португ.
_9382214
856 4 _qpdf
856 4 _qpdf
942 _cKNG
_n0
_098
944 _cДиана Гривева
_k30530
_lМинев Младен
999 _c495932
_d495932
999 _d495932